Church symbolism (Record no. 5636)

MARC details
000 -CABECERA
campo de control de longitud fija 00908nam a2200253 a 4500
001 - NÚMERO DE CONTROL
campo de control BRCA_5947
005 - FECHA Y HORA DE LA ÚLTIMA TRANSACCIÓN
campo de control 20190320205255.0
008 - DATOS DE LONGITUD FIJA--INFORMACIÓN GENERAL
campo de control de longitud fija 240311s1938----u--a######---#000-0#eng-#
041 ## - CÓDIGO DE LENGUA
Código de lengua del texto/banda sonora o título independiente eng
044 ## - CÓDIGO DEL PAÍS DE LA ENTIDAD EDITORA/PRODUCTORA
Código MARC del país u
050 #4 - SIGNATURA TOPOGRÁFICA DE LA BIBLIOTECA DEL CONGRESO
Número de clasificación N7830
Número de documento/Ítem .W43 1938
100 1# - ENTRADA PRINCIPAL--NOMBRE DE PERSONA
Nombre de persona Webber, F. R.
Fechas asociadas al nombre 1887-1963
Forma completa/desarrollada del nombre (Frederick Roth)
9 (RLIN) 15020
245 10 - MENCIÓN DE TÍTULO
Título Church symbolism
Resto del título an explanation of the more important symbols of the old and new testament, the primitive, the mediaeval and the modern church
Mención de responsabilidad, etc. F. R. Webber ; introduction by Ralph Adams Cram.
250 ## - MENCIÓN DE EDICIÓN
Mención de edición 2
260 ## - PUBLICACIÓN, DISTRIBUCIÓN, ETC.
Lugar de publicación, distribución, etc. Cleveland
Nombre del editor, distribuidor, etc. J. H. Jansen
Fecha de publicación, distribución, etc. 1938
300 ## - DESCRIPCIÓN FÍSICA
Extensión ix, 413 p.
Otras características físicas il., 95 láminas
Dimensiones 27 cm.
500 ## - NOTA GENERAL
Nota general Incluye lista de láminas e ilustraciones, índice alfabético y glosario
500 ## - NOTA GENERAL
Nota general G76
504 ## - NOTA DE BIBLIOGRAFÍA, ETC.
Nota de bibliografía, etc. Bibliografía: p. 389-394
650 14 - PUNTO DE ACCESO ADICIONAL DE MATERIA--TÉRMINO DE MATERIA
Término de materia o nombre geográfico como elemento de entrada Arte y simbolismo cristianos
9 (RLIN) 4853
700 1# - PUNTO DE ACCESO ADICIONAL--NOMBRE DE PERSONA
Nombre de persona Cram, Ralph Adams
9 (RLIN) 15021
902 ## - CATALOGADOR
Iniciales GFM
942 ## - ELEMENTOS DE PUNTO DE ACCESO ADICIONAL (KOHA)
Fuente del sistema de clasificación o colocación Library of Congress Classification
Tipo de ítem Koha Libros
Holdings
Estado de retiro Estado de pérdida Estado dañado No para préstamo Localización permanente Ubicación/localización actual Fecha de adquisición Número de inventario Total de préstamos Signatura topográfica completa Código de barras Fecha visto por última vez Precio válido a partir de Tipo de ítem Koha
El ejemplar forma parte de la colección y puede ser consultado según las políticas vigentes.       Biblioteca del Museo Franz Mayer (Rogerio Casas-Alatriste) Biblioteca del Museo Franz Mayer (Rogerio Casas-Alatriste) 24/03/2011 G76   N7830 .W43 1938 (G76) 6386 22/03/2019 22/03/2019 Libros